00479 2200181 4500245006000000020002200060250001100082100002100093700002400114700002100138650001400159005001900173260004400192041001400236084001200250300002600262336000900288 aMelawan Doktrin Sesat TerorismecShofiyah MahfudhhText a978-979-056-060-4 aCet. 1 aShofiyah Mahfudh aHika D. Asril Putra aEndah Rukmini W. aTerorisme a20230224160002 aJakartabIntimedia Ciptanusantarac2010 aIndonesia a303.625 avi, 79 hlm. :c25 cm. atext